[Event "Intermat: BC - WA"]
[Site "Vancouver CAN"]
[Date "2016.05.14"]
[Round "1.19"]
[White "Geng, Matthew"]
[Black "Spasic, Petar"]
[Result "1-0"]
[WhiteElo "1844"]
[BlackElo "1893"]
[PlyCount "51"]
[EventDate "2016.05.14"]
[EventType "team"]
[EventRounds "2"]
[EventCountry "CAN"]

1. d4 d5 2. c4 e5 3. dxe5 d4 4. Nf3 Nc6 5. a3 Bg4 6. Bf4 Bxf3 7. exf3 g5 8. Bg3
Qe7 9. Bd3 O-O-O 10. O-O Nxe5 11. Re1 f6 12. Be4 Qc5 13. Nd2 Bd6 14. b4 Qb6 15.
c5 Bxc5 16. bxc5 Qxc5 17. Rb1 c6 18. Qb3 b6 19. Bxe5 fxe5 20. Rec1 Qe7 21.
Rxc6+ Kb8 22. Rxb6+ axb6 23. Qxb6+ Kc8 24. Bb7+ Kb8 25. Bc6+ Kc8 26. Qb8# 1-0

[Event "Intermat: BC - WA"]
[Site "Vancouver CAN"]
[Date "2016.05.14"]
[Round "1.21"]
[White "Shao, Nathan"]
[Black "Fields, Noah"]
[Result "1-0"]
[WhiteElo "1827"]
[BlackElo "2063"]
[PlyCount "119"]
[EventDate "2016.05.14"]
[EventType "team"]
[EventRounds "2"]
[EventCountry "CAN"]

1. e4 c5 2. Nf3 e6 3. d4 cxd4 4. Nxd4 a6 5. Bd3 Ne7 6. O-O Nbc6 7. c3 e5 8.
Nxc6 Nxc6 9. Bc4 Be7 10. f4 O-O 11. Kh1 exf4 12. Bxf4 Qb6 13. Qc2 Bf6 14. Nd2
Ne5 15. Bxe5 Bxe5 16. Nf3 d6 17. Rad1 Qc7 18. Qb3 Bf6 19. Nd4 Bg4 20. Rd2 Rab8
21. h3 Bd7 22. Bd5 b5 23. Qd1 Rfe8 24. Qh5 Be6 25. Bxe6 fxe6 26. Qg4 Bxd4 27.
Rxd4 Qe7 28. Rfd1 Rbd8 29. Qg3 e5 30. Rd5 Rf8 31. Qe3 Qc7 32. g3 Rf6 33. Kg2
Rdf8 34. R5d2 Qf7 35. b3 Rf3 36. Qe2 h5 37. h4 Qf6 38. Rh1 Rxc3 39. Qxh5 Rf3
40. Rhd1 Rf2+ 41. Rxf2 Qxf2+ 42. Kh3 Qf6 43. Qg4 Rd8 44. h5 Qe7 45. Qg6 Qd7+
46. g4 Qc7 47. Kh4 Qb6 48. Rf1 Qc7 49. Qe6+ Kh8 50. Qg6 Qe7+ 51. g5 Rf8 52. Rf5
Kg8 53. h6 Rxf5 54. exf5 Kh8 55. f6 gxf6 56. gxf6 Qb7 57. f7 Qh1+ 58. Kg5 Qc1+
59. Kf6 Qf4+ 60. Ke6 1-0

[Event "Intermat: BC - WA"]
[Site "Vancouver CAN"]
[Date "2016.05.14"]
[Round "1.22"]
[White "Knox, Nathaniel"]
[Black "Dhingra, Sangeeta"]
[Result "0-1"]
[WhiteElo "1661"]
[BlackElo "1964"]
[PlyCount "84"]
[EventDate "2016.05.14"]
[EventType "team"]
[EventRounds "2"]
[EventCountry "CAN"]

1. d4 Nf6 2. c4 e6 3. Nf3 d5 4. Nc3 Be7 5. Bg5 h6 6. Bh4 O-O 7. e3 Nbd7 8. Be2
b6 9. cxd5 exd5 10. O-O Bb7 11. Rc1 c5 12. a3 Rc8 13. Rc2 Ne4 14. Bxe7 Qxe7 15.
dxc5 Nxc3 16. bxc3 Nxc5 17. Nd4 Ne4 18. Qc1 Rfd8 19. f3 Nd6 20. Re1 Nc4 21.
Bxc4 Rxc4 22. Kf2 Rdc8 23. Qb2 Qc7 24. Kg1 Rxc3 25. Nf5 Qe5 26. Ne7+ Qxe7 27.
Rxc3 Rxc3 28. Qxc3 Qc5 29. Rc1 Qe7 30. g3 Ba6 31. Kf2 Bc4 32. Rd1 b5 33. Qb4
Qc7 34. Rd4 a5 35. Qc3 Qb6 36. Rg4 f6 37. Qd4 Qb7 38. e4 Qe7 39. Qb6 Qe5 40.
Qd8+ Kh7 41. Qd7 Qd4+ 42. Kg2 Qd2+ 0-1

[Event "Intermat: BC - WA"]
[Site "Vancouver CAN"]
[Date "2016.05.14"]
[Round "1.23"]
[White "Awatramani, Janak"]
[Black "He, Daniel"]
[Result "1/2-1/2"]
[WhiteElo "2227"]
[BlackElo "2324"]
[PlyCount "64"]
[EventDate "2016.05.14"]
[EventType "team"]
[EventRounds "2"]
[EventCountry "CAN"]

1. e4 c5 2. Nc3 a6 3. g3 b5 4. Bg2 Bb7 5. d3 e6 6. f4 Nf6 7. Nf3 d5 8. e5 Ng8
9. O-O Nh6 10. h3 Nf5 11. Qe1 h5 12. a4 Qb6 13. Ne2 Nc6 14. c3 Be7 15. axb5
axb5 16. Rxa8+ Bxa8 17. Qf2 b4 18. Rd1 Bb7 19. c4 d4 20. Bd2 Na5 21. Nc1 Bc6
22. Rf1 Qb7 23. Nh2 Rg8 24. Bxc6+ Qxc6 25. Nf3 Rh8 26. Qg2 Rh6 27. g4 hxg4 28.
hxg4 Nh4 29. Nxh4 Rxh4 30. Qxc6+ Nxc6 31. g5 g6 32. Kg2 Na5 1/2-1/2

[Event "Intermat: BC - WA"]
[Site "Vancouver CAN"]
[Date "2016.05.14"]
[Round "1.24"]
[White "Doknjas, John"]
[Black "He, Samuel"]
[Result "1-0"]
[WhiteElo "2239"]
[BlackElo "2281"]
[PlyCount "73"]
[EventDate "2016.05.14"]
[EventType "team"]
[EventRounds "2"]
[EventCountry "CAN"]

1. d4 Nf6 2. c4 g6 3. f3 d5 4. cxd5 Nxd5 5. e4 Nb6 6. Nc3 Bg7 7. Be3 Nc6 8. Bb5
O-O 9. Nge2 Na5 10. b3 e5 11. d5 c6 12. dxc6 bxc6 13. Bd3 Qh4+ 14. g3 Qh5 15.
g4 Qh4+ 16. Bf2 Qh3 17. Ng3 f5 18. b4 Nb7 19. exf5 gxf5 20. Bxf5 Bxf5 21. Nxf5
Rxf5 22. gxf5 e4 23. f6 Bxf6 24. Nxe4 Re8 25. Qb3+ Nd5 26. O-O-O Qf5 27. Nxf6+
Qxf6 28. Bd4 Qf4+ 29. Kb1 a5 30. Rhg1+ Kf8 31. Qd3 Re7 32. bxa5 Nb4 33. Qc4
Qf5+ 34. Ka1 Nd5 35. a6 Na5 36. Qc5 Ne3 37. Qxf5+ 1-0

[Event "Intermat: BC - WA"]
[Site "Vancouver CAN"]
[Date "2016.05.14"]
[Round "1.25"]
[White "Hui, Jeremy"]
[Black "Bashkansky, Ethan"]
[Result "1-0"]
[WhiteElo "2084"]
[BlackElo "2182"]
[PlyCount "69"]
[EventDate "2016.05.14"]
[EventType "team"]
[EventRounds "2"]
[EventCountry "CAN"]

1. e4 d5 2. exd5 Nf6 3. d4 Nxd5 4. c4 Nb6 5. Nc3 e5 6. dxe5 Qxd1+ 7. Nxd1 Nc6
8. f4 Be6 9. Ne3 O-O-O 10. Nf3 Bc5 11. Ng5 Rd4 12. g3 Rhd8 13. b3 Nb4 14. f5
Bxf5 15. Nxf5 Nc2+ 16. Ke2 Rd1 17. Nd6+ R1xd6 18. exd6 Nxa1 19. Bh3+ Nd7 20.
dxc7 Re8+ 21. Kd3 Kxc7 22. Bf4+ Ne5+ 23. Kc3 Kb6 24. Rxa1 Nc6 25. Kd3 h6 26.
Nf3 g5 27. Bd2 h5 28. Bxg5 Nb4+ 29. Kd2 f6 30. Bf4 Rd8+ 31. Ke2 Re8+ 32. Kf1
Nd3 33. Bd2 Nf2 34. Bf5 Rd8 35. b4 1-0

[Event "Intermat: BC - WA"]
[Site "Vancouver CAN"]
[Date "2016.05.14"]
[Round "1.26"]
[White "Rathburn, Hector"]
[Black "Davis, Frederick"]
[Result "1/2-1/2"]
[WhiteElo "1865"]
[BlackElo "1895"]
[PlyCount "99"]
[EventDate "2016.05.14"]
[EventType "team"]
[EventRounds "2"]
[EventCountry "CAN"]

1. g3 Nf6 2. Bg2 g6 3. e4 d6 4. Ne2 Bg7 5. d4 O-O 6. O-O e5 7. c3 Re8 8. Qc2
Kh8 9. h3 b6 10. dxe5 dxe5 11. g4 Bb7 12. Ng3 Nc6 13. Be3 Qe7 14. Qa4 a5 15.
Rd1 Red8 16. Na3 Na7 17. Qc4 Ne8 18. Bf1 Nd6 19. Qa4 Rd7 20. Rd2 Rad8 21. Rad1
Bc6 22. Qc2 Nab5 23. Nxb5 Nxb5 24. Rxd7 Rxd7 25. Rxd7 Qxd7 26. f3 Bf8 27. Bg5
Be7 28. Qc1 Qd8 29. Be3 Kg8 30. Qc2 Qd7 31. Be2 Kg7 32. Qb1 Nd6 33. Qf1 Nb7 34.
Qf2 Bc5 35. h4 Qe7 36. Nf1 Bxe3 37. Nxe3 Nc5 38. Qg3 Qf6 39. g5 Qe7 40. Ng4 Nd7
41. Qf2 f6 42. Qe3 Bb7 43. Kh2 Bc8 44. Kg2 fxg5 45. hxg5 Nf8 46. f4 Bxg4 47.
Bxg4 Ne6 48. Bxe6 Qxe6 49. fxe5 Qxe5 50. Kf3 1/2-1/2

[Event "Intermat: BC - WA"]
[Site "Vancouver CAN"]
[Date "2016.05.14"]
[Round "2.1"]
[White "O'Brien, Hansol"]
[Black "Pompas, Codrin"]
[Result "0-1"]
[WhiteElo "1064"]
[BlackElo "745"]
[PlyCount "64"]
[EventDate "2016.05.14"]
[EventType "team"]
[EventRounds "2"]
[EventCountry "CAN"]

1. e4 e5 2. Nf3 Nc6 3. Nc3 Nf6 4. Bb5 Bc5 5. Nxe5 Bxf2+ 6. Kxf2 Nxe5 7. h3 O-O
8. d4 Ng6 9. e5 Nd5 10. Ne4 Qh4+ 11. Ng3 f6 12. Re1 fxe5+ 13. Kg1 Qxg3 14. Rf1
Nh4 15. Rxf8+ Kxf8 16. Qf1+ Kg8 17. Bc4 c6 18. dxe5 b5 19. Bxd5+ cxd5 20. Bd2
Ba6 21. Bb4 Qxe5 22. b3 Qd4+ 23. Kh2 Qxb4 24. Rd1 Qd6+ 25. g3 b4 26. c4 bxc3
27. Qf2 Rf8 28. Qc2 Nf3+ 29. Kg2 d4 30. Qc1 Bb7 31. Qb1 Nd2+ 32. Kg1 Qxg3# 0-1

[Event "Intermat: BC - WA"]
[Site "Vancouver CAN"]
[Date "2016.05.14"]
[Round "2.2"]
[White "Frasca, James"]
[Black "Guo, Biaobiao Boyong"]
[Result "1-0"]
[WhiteElo "1095"]
[BlackElo "552"]
[PlyCount "61"]
[EventDate "2016.05.14"]
[EventType "team"]
[EventRounds "2"]
[EventCountry "CAN"]

1. e4 c5 2. Nc3 Nf6 3. Nf3 Nc6 4. Bc4 d6 5. d3 Bg4 6. Be3 g6 7. O-O Bg7 8. d4
cxd4 9. Bxd4 a6 10. Ng5 Bxd1 11. Nxf7 Qd7 12. Nxh8 Qg4 13. Rfxd1 Bxh8 14. Kh1
Nxe4 15. Bxh8 Nxc3 16. bxc3 Qxc4 17. Rd2 e5 18. Rd3 Kf7 19. Bxe5 Nxe5 20. Rxd6
Qxc3 21. Rad1 Kg7 22. Rc1 Qb2 23. Re1 Nc4 24. Rd7+ Kh6 25. h4 Qxc2 26. Ree7 Rh8
27. g4 Qxa2 28. f3 Nd2 29. g5+ Kh5 30. Rxh7+ Rxh7 31. Rxh7# 1-0

[Event "Intermat: BC - WA"]
[Site "Vancouver CAN"]
[Date "2016.05.14"]
[Round "2.3"]
[White "Velea, Sophie"]
[Black "Yang, Jingyun (Ryan)"]
[Result "1/2-1/2"]
[WhiteElo "1464"]
[BlackElo "1338"]
[PlyCount "152"]
[EventDate "2016.05.14"]
[EventType "team"]
[EventRounds "2"]
[EventCountry "CAN"]

1. e4 c5 2. Nf3 d6 3. d4 cxd4 4. Nxd4 Nf6 5. Nc3 g6 6. Bg5 Bg7 7. Bb5+ Bd7 8.
Bxd7+ Nbxd7 9. O-O O-O 10. Qd2 Qb6 11. Nde2 Qxb2 12. Rab1 Qa3 13. Rxb7 Qa6 14.
Rbb1 Ne5 15. Bxf6 Bxf6 16. Rfe1 Bg7 17. Nd5 Qxa2 18. Nxe7+ Kh8 19. Nc3 Qe6 20.
Ned5 Qg4 21. Qe2 Qxe2 22. Rxe2 f5 23. exf5 Rxf5 24. Ne3 Rg5 25. Kf1 Nc6 26. Ne4
Re5 27. Nxd6 Rd8 28. Nf7+ Kg8 29. Nxd8 Nxd8 30. Nc4 Rd5 31. Rd2 Rxd2 32. Nxd2
Ne6 33. Nf3 g5 34. Re1 Kf7 35. Ne5+ Kf6 36. Nc6 a6 37. Ra1 Nc7 38. Nb4 Kf5 39.
Ra2 Bc3 40. Nxa6 Nd5 41. Nc5 Nb4 42. Ra7 Bd4 43. Rc7 Nxc2 44. Ne6 Kxe6 45. Rxc2
h5 46. Ke2 Kf5 47. Rd2 Be5 48. g3 Bf6 49. Rc2 Kg4 50. Rc6 Be7 51. Rh6 h4 52.
gxh4 gxh4 53. Kf1 Kh3 54. Kg1 Bg5 55. Rg6 Bf4 56. Rg2 Bg5 57. f3 Be3+ 58. Kf1
Bf2 59. f4 Be1 60. f5 Bc3 61. Rf2 Bf6 62. Rd2 Kg4 63. Kg2 h3+ 64. Kf1 Kxf5 65.
Kf2 Kf4 66. Rd3 Kg4 67. Rg3+ Kh4 68. Rf3 Be5 69. Rf5 Bxh2 70. Rf3 Kg4 71. Rd3
Bf4 72. Kg1 h2+ 73. Kg2 Kg5 74. Rh3 Kg4 75. Rf3 h1=Q+ 76. Kxh1 Kxf3 1/2-1/2

[Event "Intermat: BC - WA"]
[Site "Vancouver CAN"]
[Date "2016.05.14"]
[Round "2.4"]
[White "Chivers, Roman"]
[Black "Song, Ethan"]
[Result "1-0"]
[WhiteElo "1558"]
[BlackElo "1058"]
[PlyCount "43"]
[EventDate "2016.05.14"]
[EventType "team"]
[EventRounds "2"]
[EventCountry "CAN"]

1. e4 e6 2. Nf3 d5 3. exd5 exd5 4. d4 c5 5. Nc3 Nc6 6. Be3 Qb6 7. Bd3 cxd4 8.
Nxd4 Nxd4 9. Bxd4 Qxd4 10. Bb5+ Bd7 11. Qxd4 Bxb5 12. Nxb5 Rc8 13. Qe5+ Be7 14.
Nd6+ Kd8 15. Nxf7+ Ke8 16. Nxh8 Rxc2 17. O-O Rc4 18. Qxd5 Rh4 19. Qxg8+ Kd7 20.
Qxg7 Kd8 21. Rfd1+ Ke8 22. Qf7# 1-0

[Event "Intermat: BC - WA"]
[Site "Vancouver CAN"]
[Date "2016.05.14"]
[Round "2.5"]
[White "Mangipudi, Vishnu"]
[Black "Wang, Daniel"]
[Result "0-1"]
[WhiteElo "1379"]
[BlackElo "1491"]
[PlyCount "108"]
[EventDate "2016.05.14"]
[EventType "team"]
[EventRounds "2"]
[EventCountry "CAN"]

1. e4 c5 2. Nf3 g6 3. Bc4 Nc6 4. Nc3 Bg7 5. b3 Nf6 6. Bb2 O-O 7. O-O Nxe4 8.
Rb1 Nf6 9. Nd5 Nxd5 10. Bxg7 Kxg7 11. Bxd5 e6 12. Bc4 d5 13. Bb5 Bd7 14. Qe2 a6
15. Bxc6 Bxc6 16. d3 Re8 17. c4 dxc4 18. dxc4 Qc7 19. Rfd1 e5 20. Qb2 Kg8 21.
Re1 Bxf3 22. gxf3 Re6 23. a3 Rae8 24. b4 Rb6 25. Qc3 cxb4 26. axb4 Rc6 27. c5
Ree6 28. Re2 b6 29. Rc1 a5 30. Qa3 axb4 31. Qxb4 bxc5 32. Qc3 Qe7 33. Rce1 f6
34. f4 e4 35. f3 exf3 36. Rxe6 Rxe6 37. Rxe6 Qxe6 38. Qxf3 c4 39. Qc3 Qe4 40.
Qc1 Qd4+ 41. Kh1 c3 42. Kg2 Qd2+ 43. Qxd2 cxd2 44. Kf2 d1=Q 45. f5 Qd2+ 46. Kf3
Qd3+ 47. Kf2 Kf7 48. h4 gxf5 49. h5 Ke6 50. h6 Ke5 51. Kg2 Kf4 52. Kf2 Qd2+ 53.
Kf1 Kg3 54. Kg1 Qe1# 0-1

[Event "Intermat: BC - WA"]
[Site "Vancouver CAN"]
[Date "2016.05.14"]
[Round "2.6"]
[White "Xuan, Owen"]
[Black "Su, Ethan"]
[Result "1-0"]
[WhiteElo "1870"]
[BlackElo "1180"]
[PlyCount "87"]
[EventDate "2016.05.14"]
[EventType "team"]
[EventRounds "2"]
[EventCountry "CAN"]

1. d4 Nf6 2. c4 g6 3. Nc3 Bg7 4. e4 d6 5. f4 e6 6. Nf3 O-O 7. Be2 b6 8. O-O Bb7
9. Qc2 Nbd7 10. Re1 c5 11. d5 Re8 12. e5 dxe5 13. fxe5 Ng4 14. Bg5 Qb8 15. Nb5
Ngxe5 16. d6 Nxf3+ 17. gxf3 Be5 18. Rad1 Bd4+ 19. Kg2 f6 20. Bh6 Rc8 21. Nc7
Rxc7 22. dxc7 Qxc7 23. Bd3 Ne5 24. Be4 Bxe4 25. Qxe4 Re8 26. Bf4 Qf7 27. b3 f5
28. Qe2 Nd7 29. Be3 Bc3 30. Rf1 Nf6 31. Qd3 Be5 32. Rfe1 Qc7 33. Bg1 Nh5 34.
Qd7 Nf4+ 35. Kf1 Qxd7 36. Rxd7 Ra8 37. Rxe5 h6 38. Be3 g5 39. Bxf4 gxf4 40.
Rxe6 h5 41. Re5 Kf8 42. Rxf5+ Ke8 43. Rff7 Rd8 44. Rde7# 1-0

[Event "Intermat: BC - WA"]
[Site "Vancouver CAN"]
[Date "2016.05.14"]
[Round "2.7"]
[White "Levine, Joseph"]
[Black "Xu, Andrew"]
[Result "1/2-1/2"]
[WhiteElo "1668"]
[BlackElo "1201"]
[PlyCount "171"]
[EventDate "2016.05.14"]
[EventType "team"]
[EventRounds "2"]
[EventCountry "CAN"]

1. e4 e5 2. Nf3 Nc6 3. Bc4 Nf6 4. O-O Be7 5. Nc3 d6 6. d4 Bg4 7. d5 Nd4 8. Be2
Nxf3+ 9. Bxf3 Bxf3 10. Qxf3 O-O 11. Qg3 Qd7 12. f4 exf4 13. Bxf4 Nh5 14. Qf3
Nxf4 15. Qxf4 c6 16. Rad1 Rad8 17. Ne2 Bf6 18. b3 Qe7 19. Ng3 Rfe8 20. Rde1
Bd4+ 21. Kh1 Bc3 22. Nf5 Qe5 23. Qxe5 Rxe5 24. Re3 Bd2 25. Rg3 g6 26. Rd3 Bg5
27. Rg3 Be7 28. dxc6 bxc6 29. Nh6+ Kg7 30. Nxf7 Rf8 31. Rgf3 Rxe4 32. Ng5 Rxf3
33. Nxf3 Re2 34. Re1 Rxe1+ 35. Nxe1 Kf6 36. Kg1 Ke5 37. Kf2 Kd4 38. Kf3 Kc3 39.
Ke4 Kd2 40. Nd3 Kxc2 41. Nb4+ Kb2 42. Nxc6 Bf8 43. Nxa7 Kxa2 44. b4 d5+ 45.
Kxd5 Bxb4 46. Ke6 Kb2 47. g4 Kc2 48. Kf7 Bc3 49. Kg8 h5 50. gxh5 gxh5 51. Kh7
Kd3 52. Kh6 h4 53. h3 Ke3 54. Kg5 Bf6+ 55. Kg4 Ke4 56. Nb5 Ke5 57. Nc3 Ke6 58.
Ne4 Bd8 59. Nd2 Ke5 60. Nf3+ Ke6 61. Nd4+ Kf7 62. Nf5 Kg6 63. Nd6 Be7 64. Nf5
Bd8 65. Nxh4+ Bxh4 66. Kxh4 Kh6 67. Kg4 Kg6 68. Kf4 Kh5 69. Kg3 Kg5 70. h4+ Kh5
71. Kh3 Kh6 72. Kg4 Kg6 73. h5+ Kh6 74. Kh4 Kh7 75. Kg5 Kg7 76. Kf4 Kh6 77. Kg4
Kh7 78. Kg5 Kg7 79. h6+ Kh7 80. Kh5 Kh8 81. Kg6 Kg8 82. Kf6 Kh7 83. Kg5 Kh8 84.
Kg6 Kg8 85. h7+ Kh8 86. Kh6 1/2-1/2

[Event "Intermat: BC - WA"]
[Site "Vancouver CAN"]
[Date "2016.05.14"]
[Round "2.8"]
[White "Jiang, Brandon"]
[Black "Guo, Veronica (Yu Han)"]
[Result "1-0"]
[WhiteElo "1629"]
[BlackElo "1087"]
[PlyCount "79"]
[EventDate "2016.05.14"]
[EventType "team"]
[EventRounds "2"]
[EventCountry "CAN"]

1. e4 e5 2. Nf3 Nc6 3. d4 exd4 4. Nxd4 Bc5 5. Nb3 Bb6 6. Nc3 Nf6 7. Bg5 h6 8.
Bh4 d6 9. Nd5 g5 10. Bg3 Nxd5 11. exd5 Na5 12. Nd4 Qe7+ 13. Be2 Bd7 14. O-O
O-O-O 15. Re1 Rhe8 16. b4 Qf6 17. Nf3 h5 18. h3 Kb8 19. bxa5 Bxa5 20. Rf1 h4
21. Bh2 g4 22. Nd4 Bc3 23. Nb3 Bxa1 24. Nxa1 gxh3 25. Bf3 hxg2 26. Kxg2 h3+ 27.
Kh1 Rg8 28. Nb3 Rg5 29. Bg3 Rh8 30. Kh2 Rf5 31. Bg4 Rg5 32. Bxd7 Qg6 33. Na5 b6
34. Qd4 Rd8 35. Nc6+ Ka8 36. Qa4 a5 37. Qb5 Kb7 38. Nxd8+ Ka7 39. Qc6 Ka6 40.
Qb7# 1-0

[Event "Intermat: BC - WA"]
[Site "Vancouver CAN"]
[Date "2016.05.14"]
[Round "2.9"]
[White "Peng, Brandon"]
[Black "Wu, Lucian"]
[Result "0-1"]
[WhiteElo "1676"]
[BlackElo "1320"]
[PlyCount "72"]
[EventDate "2016.05.14"]
[EventType "team"]
[EventRounds "2"]
[EventCountry "CAN"]

1. c4 Nf6 2. Nf3 g6 3. Nc3 Bg7 4. g3 O-O 5. Bg2 d6 6. O-O c5 7. Re1 Nc6 8. d3
a6 9. Bd2 Rb8 10. Qc1 b5 11. cxb5 axb5 12. a3 Na5 13. Qc2 Be6 14. Ng5 Bf5 15.
e4 Bd7 16. b4 cxb4 17. axb4 Nc6 18. Reb1 Nd4 19. Qd1 Ra8 20. Rxa8 Qxa8 21. e5
Bc6 22. Bxc6 Qxc6 23. exf6 exf6 24. Nge4 f5 25. Ng5 h6 26. Ne2 hxg5 27. Bxg5
Nf3+ 28. Kf1 Nxg5 29. Nf4 Qh1+ 30. Ke2 Re8+ 31. Kd2 Nf3+ 32. Kc2 Rc8+ 33. Kb3
Nd4+ 34. Ka2 Qa8+ 35. Kb2 Nb3+ 36. Kxb3 Qa4# 0-1

[Event "Intermat: BC - WA"]
[Site "Vancouver CAN"]
[Date "2016.05.14"]
[Round "2.10"]
[White "Yu, Jason"]
[Black "Zhou, Aiden"]
[Result "1-0"]
[WhiteElo "2032"]
[BlackElo "1825"]
[PlyCount "167"]
[EventDate "2016.05.14"]
[EventType "team"]
[EventRounds "2"]
[EventCountry "CAN"]

1. e4 c5 2. Nf3 d6 3. d4 Nf6 4. Nc3 cxd4 5. Nxd4 Nc6 6. Be3 e5 7. Nb3 Be6 8. f3
Be7 9. Qd2 d5 10. exd5 Nxd5 11. Nxd5 Qxd5 12. O-O-O Rd8 13. Qxd5 Rxd5 14. Rxd5
Bxd5 15. c4 Be6 16. Nc5 Bc8 17. Be2 b6 18. Nd3 Be6 19. b3 O-O 20. Rd1 Rd8 21.
Kb2 f6 22. c5 Nd4 23. Bxd4 Rxd4 24. cxb6 axb6 25. Nf2 Rxd1 26. Nxd1 Bc5 27. Nc3
Kf7 28. Na4 Bd4+ 29. Ka3 Ke7 30. Kb4 Kd6 31. Nc3 Bc5+ 32. Kb5 f5 33. Ka4 Bd7+
34. Bb5 Bc8 35. a3 Bb7 36. b4 Bg1 37. Bd3 g6 38. h3 Bd4 39. Kb3 Bxc3 40. Kxc3
e4 41. fxe4 fxe4 42. Be2 Ke5 43. g3 Bc6 44. b5 Bd7 45. h4 h5 46. a4 Bc8 47. Bc4
Kf5 48. Bf7 Kf6 49. Be8 Bf5 50. Kd4 Ke7 51. Bc6 Kd6 52. Be8 Ke7 53. Bc6 e3 54.
Kxe3 Bc2 55. Be4 Bxa4 56. Bxg6 Bd1 57. Kf4 Kf6 58. Bf5 Be2 59. Bd7 Ke7 60. Bc6
Kf6 61. Bf3 Bxb5 62. Bxh5 Bd3 63. g4 b5 64. g5+ Kg7 65. Bd1 b4 66. h5 Bc4 67.
h6+ Kg8 68. Bc2 Bf7 69. Ke5 b3 70. Bb1 b2 71. Kf6 Be8 72. Ke7 Bh5 73. Bc2 Bf7
74. Kf6 Ba2 75. g6 Kf8 76. h7 b1=Q 77. h8=Q+ Bg8 78. g7+ Ke8 79. Qxg8+ Kd7 80.
Bxb1 Kd6 81. Qe6+ Kc7 82. g8=Q Kb7 83. Qgc8+ Ka7 84. Qea6# 1-0

[Event "Intermat: BC - WA"]
[Site "Vancouver CAN"]
[Date "2016.05.14"]
[Round "2.11"]
[White "Beck, Alec"]
[Black "Doknjas, Neil"]
[Result "1/2-1/2"]
[WhiteElo "1741"]
[BlackElo "1879"]
[PlyCount "59"]
[EventDate "2016.05.14"]
[EventType "team"]
[EventRounds "2"]
[EventCountry "CAN"]

1. d4 d5 2. c4 e6 3. Nf3 Nf6 4. Nc3 Be7 5. Bf4 O-O 6. e3 b6 7. cxd5 Nxd5 8.
Nxd5 exd5 9. a3 c5 10. Rc1 Be6 11. Be2 Nd7 12. Ba6 b5 13. Bb7 Rb8 14. Bxb8 Qxb8
15. dxc5 Nxc5 16. Rxc5 Bxc5 17. Bxd5 Rd8 18. e4 Bxd5 19. exd5 Re8+ 20. Kf1 Qf4
21. g3 Qc4+ 22. Kg2 Rd8 23. Re1 f6 24. Qe2 Qxe2 25. Rxe2 Rxd5 26. Rc2 Bb6 27.
h4 Rc5 28. Re2 Kf7 29. Kg1 Rc1+ 30. Kg2 1/2-1/2

[Event "Intermat: BC - WA"]
[Site "Vancouver CAN"]
[Date "2016.05.14"]
[Round "2.12"]
[White "Shubin, Daniel"]
[Black "Low, Kevin"]
[Result "0-1"]
[WhiteElo "1842"]
[BlackElo "1913"]
[PlyCount "54"]
[EventDate "2016.05.14"]
[EventType "team"]
[EventRounds "2"]
[EventCountry "CAN"]

1. e4 c5 2. Nf3 d6 3. d4 cxd4 4. Nxd4 Nf6 5. Nc3 a6 6. Be3 e5 7. Nb3 Be7 8. Be2
Qc7 9. O-O Nbd7 10. f4 b5 11. Nd5 Nxd5 12. exd5 Bb7 13. fxe5 Nxe5 14. Bf3 Rc8
15. c3 O-O 16. Bg4 Rcd8 17. Bf3 Rfe8 18. Bd4 Bg5 19. Nd2 Nxf3+ 20. Qxf3 Bxd2
21. Qg3 Bh6 22. Rf5 Qe7 23. Rf3 Bxd5 24. Bf6 Qa7+ 25. Bd4 Qd7 26. Rf6 Re2 27.
Bf2 Be3 0-1

[Event "Intermat: BC - WA"]
[Site "Vancouver CAN"]
[Date "2016.05.14"]
[Round "2.13"]
[White "Thakur, Eamon"]
[Black "Qu, Leo"]
[Result "0-1"]
[WhiteElo "1646"]
[BlackElo "1842"]
[PlyCount "136"]
[EventDate "2016.05.14"]
[EventType "team"]
[EventRounds "2"]
[EventCountry "CAN"]

1. d4 Nf6 2. Nf3 g6 3. e3 d5 4. Bd3 Bg7 5. Nbd2 O-O 6. O-O b6 7. e4 dxe4 8.
Nxe4 Bb7 9. Re1 Nbd7 10. Bg5 Rc8 11. Qd2 Nxe4 12. Bxe4 Bxe4 13. Rxe4 Nf6 14.
Ree1 e6 15. c3 Qd5 16. Bxf6 Bxf6 17. Qf4 Bg7 18. Ne5 c5 19. dxc5 Rxc5 20. Nf3
e5 21. Qe4 f5 22. Qxd5+ Rxd5 23. Rad1 Rfd8 24. Rxd5 Rxd5 25. c4 Rc5 26. b3 Bf6
27. Rd1 Rc7 28. g3 Kf7 29. Rd5 Ke6 30. a4 a5 31. Rb5 Rc6 32. Kf1 e4 33. Ne1 Bd4
34. Nc2 Bc5 35. Ke2 g5 36. h3 f4 37. gxf4 gxf4 38. h4 Kf6 39. h5 Rd6 40. b4
Bxf2 41. bxa5 bxa5 42. c5 f3+ 43. Kxf2 Rd2+ 44. Ke3 Rxc2 45. Kxe4 f2 46. Rb1
Rxc5 47. Rf1 Rf5 48. Ke3 Kg5 49. Ke2 Kxh5 50. Rh1+ Kg4 51. Kf1 h5 52. Rh2 Rf4
53. Rg2+ Kh3 54. Rg5 h4 55. Rxa5 Kg3 56. Rg5+ Kf3 57. Rg2 Ke3 58. a5 Ra4 59.
Rxf2 Ra1+ 60. Kg2 h3+ 61. Kg3 Rg1+ 62. Kxh3 Kxf2 63. a6 Ra1 64. Kg4 Rxa6 65.
Kg5 Ke3 66. Kg4 Rf6 67. Kh5 Kf4 68. Kh4 Rh6# 0-1

[Event "Intermat: BC - WA"]
[Site "Vancouver CAN"]
[Date "2016.05.14"]
[Round "2.14"]
[White "Michailov, George"]
[Black "Zheng, Victor"]
[Result "0-1"]
[WhiteElo "1704"]
[BlackElo "1717"]
[PlyCount "44"]
[EventDate "2016.05.14"]
[EventType "team"]
[EventRounds "2"]
[EventCountry "CAN"]

1. e4 c5 2. Nf3 d6 3. d4 cxd4 4. Nxd4 Nf6 5. Nc3 a6 6. f3 e5 7. Nb3 Be7 8. Be3
Be6 9. Be2 h5 10. Qd2 Nbd7 11. f4 b5 12. Nc1 b4 13. Nd1 Nxe4 14. Qxb4 d5 15.
Qb7 O-O 16. Nd3 Nd6 17. Qb4 d4 18. Bf3 Nc4 19. Qa4 Ndb6 20. Qb3 Nxe3 21. Qxe6
fxe6 22. fxe5 Nxc2+ 0-1

[Event "Intermat: BC - WA"]
[Site "Vancouver CAN"]
[Date "2016.05.14"]
[Round "2.15"]
[White "Shaji, Karthik"]
[Black "Low, Ethan"]
[Result "1-0"]
[WhiteElo "1931"]
[BlackElo "1729"]
[PlyCount "77"]
[EventDate "2016.05.14"]
[EventType "team"]
[EventRounds "2"]
[EventCountry "CAN"]

1. d4 Nf6 2. c4 e6 3. Nf3 Bb4+ 4. Bd2 Bxd2+ 5. Qxd2 b6 6. Nc3 Bb7 7. g3 d6 8.
Bg2 Nbd7 9. O-O O-O 10. Rac1 a6 11. b4 c5 12. a3 Rc8 13. d5 e5 14. Qd3 Qe7 15.
e4 Nh5 16. Nh4 g6 17. Bf3 Nf4 18. gxf4 Qxh4 19. f5 Nf6 20. Qe2 Kh8 21. Kh1 cxb4
22. axb4 gxf5 23. Na4 fxe4 24. Bg2 Ng4 25. h3 b5 26. Nb6 Nf6 27. Nxc8 Bxc8 28.
Rc3 bxc4 29. Qxc4 Nh5 30. Qxe4 Nf4 31. Qf3 Rg8 32. Rg1 Bb7 33. Rc4 Qh6 34. Qe3
Rxg2 35. Rxg2 Qh5 36. Rxf4 Bxd5 37. Rfg4 Bxg2+ 38. Kxg2 f5 39. Rg5 1-0

[Event "Intermat: BC - WA"]
[Site "Vancouver CAN"]
[Date "2016.05.14"]
[Round "2.16"]
[White "Bashkansky, Naomi"]
[Black "Pulfer, Luke"]
[Result "0-1"]
[WhiteElo "2014"]
[BlackElo "2095"]
[PlyCount "76"]
[EventDate "2016.05.14"]
[EventType "team"]
[EventRounds "2"]
[EventCountry "CAN"]

1. d4 d5 2. c4 e6 3. Nc3 c6 4. e3 Bd6 5. Nf3 f5 6. Bd3 Nf6 7. O-O O-O 8. Rb1
Qe7 9. a3 Ne4 10. cxd5 exd5 11. Qc2 a5 12. Bd2 Nd7 13. Ne2 Ndf6 14. b4 g5 15.
Rfd1 g4 16. Ne1 Nxd2 17. Qxd2 Ne4 18. Qb2 Bxh2+ 19. Kf1 Bd6 20. Ng1 g3 21. f3
Nf2 22. Rd2 Qxe3 23. Re2 Qf4 24. b5 Bd7 25. bxc6 bxc6 26. Qc3 Rfb8 27. Rxb8+
Bxb8 28. Qb2 Bc7 29. Rc2 Rb8 30. Qa1 Qe3 31. Re2 Qf4 32. Rc2 Ng4 33. Nh3 Ne3+
34. Kg1 Nxc2 35. Nxc2 Qd2 36. Ne1 f4 37. Ng5 Bf5 38. Bxf5 Qf2+ 0-1